000 02652nam a22004097a 4500
999 _c21883
_d21883
003 AR-CdUCM
008 190425b ||||| |||| 00| 0 spa d
040 _aMUNICIPALIDAD PROVINCIAL DEL CUSCO
_cBIBLIOTECA MUNICIPAL DEL CUSCO
082 _aRev.AHC/N°14/1999
110 _aArchivo Regional del Cusco
_946600
245 _aRevista del Archivo Histórico del Cuzco /
_cUniversidad Nacional del Cuzco
260 _aCusco :
_bArchivo departamental del Cusco,
_c1999.
300 _a202 páginas. :
_c23 cm.
440 _aRevista del Archivo Histórico.
_nN°14, 1999
_946630
505 _aContenido: Algunas consideraciones históricas sobre los usos y consumo racionalizado de la coca entre los incas. Alfonso Contreras Cornejo.-- Introducción al estudio histórico de los títulos de la Hacienda de Punchaopuquio, Curahuasi-Cusco. Donato Amado Gonzales.-- El testamento y el codicilo de doña Beatriz Clara Coya de Loyola, hija de don Diego Sayri Tupac Ynga Yupangui y de la Coya doña María Cusi Huarcay. Gonzalo Lamana.-- Poder y abuso, el cacicazgo de Lamay siglo XVII. Nada Hughes.-- Música y músicos en el Cuzco colonial, 1650-1770. Geoffrey Baker.--De vita et moribus, Thomas Miguel, ejemplar eclesiástico en el tiempo de Tupac Amaru. Jean Jacques Decoster.-- Caciques y Tributos en el Sur Peruano después de la rebelión de los Tupac Amaru 1780-1830. David Cahill.-- La historia social del derecho y los derechos humanos. Mauricio Valiente Ots.-- Defensa de tierras, Cusco 1852. Carmen Ruiz de Pardo.-- Relación de graduados de la Universidad Nacional de San Antonio Abad del Cusco, 1807-1818. German Zecenarro Madueño.-- Mariano Herencia Cevallos: ilustre político cusqueño olvidado. Horacio Villanueva Urteaga.-- Situación económica del Departamento del Cusco en la época de Bujanda. Roberto Cáceres Olivera.
650 _aCoca
_921158
650 _aInkas
_91899
650 _aCacicazgo
_946631
650 _aMúsica cusqueña
_913074
650 _aMúsica colonial
_946632
650 _aTupac Amaru
_9623
700 _aVillanueva Urteaga, Horacio
_95790
700 _aContreras Cornejo, Alonso
_946633
700 _aAmado Gonzales, Donato
_945219
700 _aLamana, Gonzalo
_946436
700 _aHughes, Nada
_946634
700 _aBaker, Geoffrey
_946635
700 _aJacques Decoster, Jean
_931915
700 _aCahill, David
_946636
700 _aValiente Ots, Mauricio
_946637
700 _aRuiz de Pardo, Carmen
_946638
700 _aZecenarro Madueño, German
_930525
700 _aVillanueva Urteaga, Horacio
_95790
700 _aCáceres Olivera, Roberto
_946587
942 _2ddc
_cPP
945 _arac